Vista normal
Vista MARC
Entrada Personal Name
Número de registros utilizados en: 1
001 - CONTROL NUMBER
- control field: 60200
003 - CONTROL NUMBER IDENTIFIER
- control field: OSt
005 - DATE AND TIME OF LATEST TRANSACTION
- control field: 20250611170302.0
008 - FIXED-LENGTH DATA ELEMENTS
- fixed length control field: 250611|| aca||aabn | a|a d
040 ## - CATALOGING SOURCE
- Original cataloging agency: OSt
- Transcribing agency: OSt
100 ## - HEADING--PERSONAL NAME
- Personal name: Carybé, 1911-1997, ilustrador \ Cortázar, Julio, 1914-1984, traductor
670 ## - SOURCE DATA FOUND
- Source citation: Work cat.: (OSt)57278: Defoë, Daniel, 1661?-1731 60199, Vida y extrañas y sorprendentes aventuras de Robinson Crusoe, marinero de York, escritas por él mismo /